| 000 | 00000nam##2200000za#4500 |
| 001 | 9.700359 |
| 003 | CaOODSP |
| 005 | 20210625000812 |
| 007 | cr ||||||||||| |
| 008 | 150407|1976||||xxc|||||o f|0| 0 eng|d |
| 040 | |aCaOODSP|beng |
| 043 | |an-cn--- |
| 086 | 1 |aA15-1852/1990E-PDF |
| 110 | 1 |aCanada.|bAgriculture Canada.|bResearch Branch. |
| 245 | 10|aMandates - Research Branch establishments |h[electronic resource] |
| 260 | |aOttawa - Ontario : |bAgriculture Canada. |cc1990. |
| 300 | |a22p. |
| 500 | |aHistorical publication digitized by Agriculture and Agri-Food Canada. |
| 590 | |a15-03-Supp|b2015-03-13 |
| 775 | 08|tMandats - Établissements de la Direction générale de la recherche |w(CaOODSP)9.644257 |
| 856 | 40|ahttp://publications.gc.ca|qPDF|s712 KB|uhttps://publications.gc.ca/collections/collection_2015/aac-aafc/A15-1852-1990-eng.pdf |
| 986 | |aPublication 1852/B |